| 000 | 00541nam a22001932 4500 | ||
|---|---|---|---|
| 001 | 0000004729 | ||
| 005 | 20170406120044.0 | ||
| 008 | 141118s xx 000 0 eng d | ||
| 020 | _c$ | ||
| 040 |
_aYour Holding Symbol _cYour Holding Symbol |
||
| 100 | 1 | _aShelly Gary B. | |
| 245 | 1 | 0 |
_aIntroduction to basic programming : _bwork and studuy guide. |
| 250 | _a ed. | ||
| 260 |
_aCalifinia : _bCandice cashman, _c1983. |
||
| 300 |
_a500 p. ; _c cm. |
||
| 504 | _aindex. | ||
| 650 | 0 | _aprogramming. | |
| 908 | _a141118 | ||
| 999 |
_c4543 _d4543 |
||